00442nam a2200145Ia 4500008004100000020001000041040001700051041001200068082001900080100002400099245006100123260003800184300001900222500005500241230917s9999||||xx |||||||||||||| ||und|| cRS995 e255239aMAIN aEnglish a891.2109 M687P aMishr, Mukesh Kumar 0aPurvararti kavyashashtariaya avdharna tatha shraparkasha aDelhibParimal Publicationsc2018 axxxvii, 680 p. a3458 08/04/2019 HBD19/4003 28/03/2019 Sanskrit SAP